000 00752nam a2200229 a 4500
005 20230512063613.0
008 991125s1984 mx 000 0 spa u
035 _aUPN01000023657
049 _aCG
050 4 _aLB1775
_bC3.3
100 1 _aCervini Iturre, Rubén
245 1 0 _aExpectativas del maestro y práctica escolar /
_cRubén Cervini Iturre, Emilio Tenti Fanfani, Martha Corestein.
260 _aMéxico :
_bUPN,
_c1984.
300 _a116 p.
440 0 _aCuadernos de cultura pedagógica.
_pInvestigación educativa ;
_v1
650 4 _aMAESTROS
650 4 _aPrácticas de la enseñanza
_92849
700 1 _aTenti Fanfani, Emilio,
_d1945-
_ecoaut.
_931349
700 1 _aCorestein, Martha,
_ecoaut.
905 _aLibro
999 _c23657
_d23657